书目信息 |
| 题名: |
抗菌药与超级细菌
|
|
| 作者: | 汤文璐 主编 | |
| 分册: | ||
| 出版信息: | 北京 人民卫生出版社 2020.03 |
|
| 页数: | 307页 | |
| 开本: | 24cm | |
| 丛书名: | ||
| 单 册: | ||
| 中图分类: | R978.1 | |
| 科图分类: | ||
| 主题词: | 抗菌素--kang jun su--关系--细菌--抗药性--研究 | |
| 电子资源: | ||
| ISBN: | 978-7-117-29586-4 | |
| 000 | 00976nam0 2200253 450 | |
| 001 | 0100015545 | |
| 005 | 20201024210217.0 | |
| 010 | @a978-7-117-29586-4@dCNY59.00 | |
| 100 | @a20200616d2020 em y0chiy50 ea | |
| 101 | 0 | @achi |
| 102 | @aCN@b110000 | |
| 105 | @aak a 000yy | |
| 106 | @ar | |
| 200 | 1 | @a抗菌药与超级细菌@Akang jun yao yu chao ji xi jun@e天使与魔鬼的博弈@f主编汤文璐 |
| 210 | @a北京@c人民卫生出版社@d2020.03 | |
| 215 | @a307页@c图@d24cm | |
| 320 | @a有书目 (第304-305页) | |
| 330 | @a本书将为大家敲响超级细菌肆虐的警钟, 让读者了解到实用、易懂的抗菌药知识, 从而在日常生活中能合理使用抗菌药, 成为抵制细菌耐药的生力军。如果此书传递的知识和讯息能让大众警觉并身体力行, 我们终将赢得这场菌药博弈。 | |
| 517 | 1 | @a天使与魔鬼的博弈@Atian shi yu mo gui de bo yi |
| 606 | 0 | @a抗菌素@Akang jun su@x关系@x细菌@x抗药性@x研究 |
| 690 | @aR978.1@v5 | |
| 701 | 0 | @a汤文璐@Atang wen lu@4主编 |
| 801 | 0 | @aCN@c20200616 |
| 905 | @a河南城建学院图书馆@dR978.1@f2@eT213 | |
| 抗菌药与超级细菌:天使与魔鬼的博弈/主编汤文璐.-北京:人民卫生出版社,2020.03 |
| 307页:图;24cm |
| ISBN 978-7-117-29586-4:CNY59.00 |
| 本书将为大家敲响超级细菌肆虐的警钟, 让读者了解到实用、易懂的抗菌药知识, 从而在日常生活中能合理使用抗菌药, 成为抵制细菌耐药的生力军。如果此书传递的知识和讯息能让大众警觉并身体力行, 我们终将赢得这场菌药博弈。 |
| ● |
| 相关链接 |
|
|
|
正题名:抗菌药与超级细菌
索取号:R978.1/T213
 
预约/预借
| 序号 | 登录号 | 条形码 | 馆藏地/架位号 | 状态 | 备注 |
| 1 | 1496326 | 214963262 | 自科库401/401自科库 23排3列2层/ [索取号:R978.1/T213] | 在馆 | |
| 2 | 1496327 | 214963271 | 自科库401/401自科库 23排3列2层/ [索取号:R978.1/T213] | 在馆 |